| 000 | 01029nam a2200277Ia 4500 | ||
|---|---|---|---|
| 003 | OSt | ||
| 005 | 20221005105551.0 | ||
| 006 | a|||||r|||| 00| 0 | ||
| 007 | ta | ||
| 008 | 221004b |||||||| |||| 00| 0 hin d | ||
| 020 |
_a9788183618274 (hbk) _cINR 250.00 |
||
| 024 | _a34379 | ||
| 037 |
_bBR-3116, 15/09/2017, Rajkamal Prakashan Pvt. Ltd. _cTextual |
||
| 040 |
_aCRL _cCRL _bhin |
||
| 041 |
_2hin _ahin |
||
| 082 | _aO152,1N73x, Q7 | ||
| 100 | _aराकेश रंजन, ले. | ||
| 245 | 0 | _aदिव्य कैदखाने में | |
| 246 | _aDivya kaidakhāne mean | ||
| 260 |
_aनई दिल्ली _bराधाकृष्ण प्रकाशन भारत _c2017 |
||
| 300 |
_a119पृ0 _ccm. |
||
| 650 | _a हिन्दी साहित्य | ||
| 650 | _aहिन्दी कविता | ||
| 942 |
_hO152,1N73x, Q7 _cTEXL _2cc |
||
| 999 |
_c1016189 _d1016189 |
||